Pest management programs for deciduous tree fruits and nuts /

Bibliographic Details
Corporate Author: Entomological Society of America
Other Authors: Boethel, David J., Eikenbary, Raymond D.
Format: Book
Language:English
Published: New York : Plenum Press, [1979]
Subjects:

MARC

Tag First Indicator Second Indicator Subfields
LEADER 00000pam a2200000 i 4500
001 in00000059951
005 20151008051031.0
008 790426s1979 nyua b 10100 eng
010 |a  79012616  
020 |a 0306401789 
035 |a (OCoLC)04957267 
035 |9 AAG5188AM 
040 |a DLC  |c DLC  |d TXA  |d UtOrBLW 
049 |a TXAM  |c [1159606] 
050 0 0 |a SB608.F8  |b P46 
082 0 |a 634/.04/9652 
245 0 0 |a Pest management programs for deciduous tree fruits and nuts /  |c edited by David J. Boethel and Raymond D. Eikenbary. 
264 1 |a New York :  |b Plenum Press,  |c [1979] 
264 4 |c ©1979 
300 |a xi, 256 pages :  |b illustrations ;  |c 24 cm. 
336 |a text  |b txt  |2 rdacontent 
337 |a unmediated  |b n  |2 rdamedia 
338 |a volume  |b nc  |2 rdacarrier 
500 |a "Based on papers presented at the 1977 national meeting of the Entomological Society of America and additional invited papers." 
504 |a Includes bibliographies and index. 
650 0 |a Fruit  |x Diseases and pests  |x Congresses. 
650 0 |a Nuts  |x Diseases and pests  |x Congresses. 
650 0 |a Insect pests  |x Control  |v Congresses. 
650 0 |a Pests  |x Integrated control  |x Congresses. 
650 0 |a Mites  |x Control  |x Congresses. 
700 1 |a Boethel, David J. 
700 1 |a Eikenbary, Raymond D. 
710 2 |a Entomological Society of America. 
999 |a MARS 
999 f f |s 60f4c67c-8d9a-3d5e-865b-d23427ebc306  |i 4c47c08f-1979-353a-adb9-8dec3782c76d  |t 0 
952 f f |p ric  |a Texas A&M University  |b Rellis Campus  |c Joint Library Facility  |d Remote Storage  |t 0  |e SB608.F8 P46  |h Library of Congress classification  |i unmediated -- volume  |m A14805215592 
998 f f |a SB608.F8 P46  |t 0  |l Remote Storage